Welcome to CU Library Online Public Access Catalogue (OPAC)

Strategic management: (Record no. 5394)

MARC details
000 -LEADER
fixed length control field 00461nam a22001817a 4500
005 - DATE AND TIME OF LATEST TRANSACTION
control field 20250411095357.0
008 - FIXED-LENGTH DATA ELEMENTS--GENERAL INFORMATION
fixed length control field 250411b |||||||| |||| 00| 0 eng d
020 ## - INTERNATIONAL STANDARD BOOK NUMBER
International Standard Book Number 9780072314991
050 ## - LIBRARY OF CONGRESS CALL NUMBER
Classification number HD 30.28.T53 THO
100 ## - MAIN ENTRY--PERSONAL NAME
Personal name THOMPSON,A. Arthur
245 ## - TITLE STATEMENT
Title Strategic management:
Remainder of title Concepts and cases
250 ## - EDITION STATEMENT
Edition statement 12th
260 ## - PUBLICATION, DISTRIBUTION, ETC.
Place of publication, distribution, etc. Boston
Name of publisher, distributor, etc. McGraw-Hill
Date of publication, distribution, etc. 2001
300 ## - PHYSICAL DESCRIPTION
Extent xxxix,440p
500 ## - GENERAL NOTE
General note cases
700 ## - ADDED ENTRY--PERSONAL NAME
Personal name STRICKLAND,A.J
942 ## - ADDED ENTRY ELEMENTS (KOHA)
Source of classification or shelving scheme Library of Congress Classification
Koha item type Books
Suppress in OPAC No
999 ## -
-- 5394
-- 5394
Holdings
Withdrawn status Lost status Source of classification or shelving scheme Damaged status Not for loan Collection Home library Current library Shelving location Date acquired Total checkouts Full call number Barcode Date last seen Copy number Price effective from Koha item type
    Library of Congress Classification     Non-fiction Business Library (Miotso) Business Library (Miotso) General stacks 04/25/2025   HD 30.28.T53 THO BSSM00001982 04/25/2025 6 04/25/2025 Books
    Library of Congress Classification     Non-fiction Graduate Library (Christ Temple) Graduate Library (Christ Temple) General stacks 04/11/2025   HD 30.28.T53 THO GSCT00000987 04/11/2025 1 04/11/2025 Books
    Library of Congress Classification     Non-fiction Graduate Library (Christ Temple) Graduate Library (Christ Temple) General stacks 04/11/2025   HD 30.28.T53 THO GSCT00000988 04/11/2025 2 04/11/2025 Books
    Library of Congress Classification     Non-fiction Graduate Library (Christ Temple) Graduate Library (Christ Temple) General stacks 04/11/2025   HD 30.28.T53 THO GSCT00000989 04/11/2025 3 04/11/2025 Books
    Library of Congress Classification     Non-fiction Graduate Library (Christ Temple) Graduate Library (Christ Temple) General stacks 04/11/2025   HD 30.28.T53 THO GSCT00000990 04/11/2025 4 04/11/2025 Books
    Library of Congress Classification     Non-fiction Graduate Library (Christ Temple) Graduate Library (Christ Temple) General stacks 04/11/2025   HD 30.28.T53 THO GSCT00000991 04/11/2025 5 04/11/2025 Books
© 2023-2024 Copyright: Central University Libraries. All Rights Reserved | Created by: Mahone Tech Office